De la A a la Z por Veracruz / (Record no. 183278)

MARC details
000 -CABECERA
campo de control de longitud fija 00575nam a2200193 u 4500
005 - FECHA Y HORA DE LA ÚLTIMA TRANSACCIÓN
campo de control 20210223132952.0
008 - ELEMENTOS DE LONGITUD FIJA--INFORMACIÓN GENERAL
campo de control de longitud fija 160606s2009 es r 000 0 spa d
020 ## - NÚMERO INTERNACIONAL NORMALIZADO PARA LIBROS
Número Internacional Estándar del Libro 9786074490183
035 ## - NÚMERO DE CONTROL DEL SISTEMA
Número de control de sistema UPN01000211177
049 ## - COLECCIÓN
Colección I
050 #4 - SIGNATURA TOPOGRÁFICA DE LA BIBLIOTECA DEL CONGRESO
Número de clasificación PQ7298.28 U2.4
Número de documento/Ítem D4.9
100 1# - ASIENTO PRINCIPAL--NOMBRE PERSONAL
Nombre de persona Rubinstein, Becky,
Fechas asociadas al nombre 1948-
9 (RLIN) 33159
245 10 - MENCIÓN DE TÍTULO
Título De la A a la Z por Veracruz /
Mención de responsabilidad, etc. Becky Rubinstein F. ; il. por Maribel Súarez.
260 ## - PUBLICACIÓN, DISTRIBUCIÓN, ETC.
Lugar de publicación, distribución, etc. León, Esp. :
Nombre del editor, distribuidor, etc. Everest,
Fecha de publicación, distribución, etc. 2009.
300 ## - DESCRIPCIÓN FÍSICA
Extensión 35 p. :
Otras características físicas il.
650 #4 - ASIENTO SECUNDARIO DE MATERIA - TERMINO TEMATICO
Término de materia o nombre geográfico como elemento de entrada RIMAS INFANTILES MEXICANAS
9 (RLIN) 24882
905 ## - TIPO DE MATERIAL
Tipo de material Infantil
Holdings
Estado de retiro Estado de pérdida Fuente del sistema de clasificación o colocación Estado dañado No para préstamo Código de colección Localización permanente Ubicación/localización actual Ubicación en estantería Fecha de adquisición Clasificación Código de barras Fecha visto por última vez Número de copia Tipo de ítem Koha
    Library of Congress Classification     Infantil Bib. Gregorio Torres Quintero Bib. Gregorio Torres Quintero Sala infantil Planta baja 10/05/2023 PQ7298.28 U2.4 D4.9 311553 31/12/2020 1 Libro